Statistics for Video Games by Letter - X

Click here to take the quiz!

General Stats

  • This quiz has been taken 21 times
  • The average score is 3 of 10

Answer Stats

HintAnswer% Correct
Microsoft’s line of consolesXbox
100%
There are three Pokémon that start with the letter X; name one of themXatu, Xerneas, Xurkitree
47%
The nations of the world form ‘Extraterrestrial Combat’ to stop an alien invasionX-COM
42%
Follow Shulk and friends on their journey to defeat the Mechon; different entries chronicle different characters’ storiesXenoblade Chronicles
37%
Top-down arcade shooter; use zappers to destroy aircraft and bombs to take out enemies belowXevious
32%
The main villain of the Kingdom Hearts seriesXehanort
21%
Alien parasite that kills and copies its hosts form; its only natural predator are the MetroidsX-Parasite
16%
Tekken 3 fighterXiaoyu
11%
Sequel to the Nintendo game X (which I didn’t include in this quiz because it’s literally just the letter X)X-Scape
11%
Also known as Dragon Slayer 2, it is the grandfather of the action RPG genreXanadu
5%

Score Distribution

Percentile by Number Answered

Percent of People with Each Score

Your Score History

You have not taken this quiz